Ochrana serveru v sieťovej prevádzke

Guardado en:
Detalles Bibliográficos
Autor principal: Ivan, Dominik (Autor)
Otros Autores: Marček, Stanislav (Orientador)
Formato: Manuscrito Libro
Lenguaje:eslovaco
Publicado: 2017
Materias:
Acceso en línea:http://is.stuba.sk/zp/portal_zp.pl?podrobnosti=116030
Etiquetas: Agregar Etiqueta
Sin Etiquetas, Sea el primero en etiquetar este registro!

MARC

LEADER 00000ntm a22000003a 4500
001 stuzp60420
003 SK-STU
005 20170727131259.7
007 ta
008 150427s2015----xo-----f-mn---000-0-slo-d
040 |a STU  |b slo 
041 0 |a slo 
044 |a xo 
100 1 |a Ivan, Dominik  |u 035000  |4 aut  |U FEI Fakulta elektrotechniky a informatiky  |T FEI Ústav informatiky a matematiky  |X 74705  |U E050  |Y 816  |7 74705 
242 0 1 |a Protection of server in network traffic  |y eng 
245 1 0 |a Ochrana serveru v sieťovej prevádzke 
260 |c 2017 
300 |a 46 s., príl. 
650 4 |a Ochrana servera  |2 slo 
650 4 |a Detekcia  |2 slo 
650 4 |a Prevencia  |2 slo 
650 4 |a Preniknutie  |2 slo 
650 4 |a Linux  |2 slo 
650 4 |a Server protection  |2 eng 
650 4 |a Detection  |2 eng 
650 4 |a Intrusion  |2 eng 
650 4 |a Prevention  |2 eng 
650 4 |a Linux  |2 eng 
700 1 |a Marček, Stanislav  |u 035000  |k Z1  |4 ths  |U FEI Fakulta elektrotechniky a informatiky  |T FEI Ústav informatiky a matematiky  |X 27068  |U E050  |Y 816  |7 A000027068 
856 4 |u http://is.stuba.sk/zp/portal_zp.pl?podrobnosti=116030 
996 |b 284ER02491  |c E*Bc- 2491  |l EE35  |s P  |a 0  |w stuzp60420_0001